Slovensko 1997 súhrnná správa o stave spoločnosti a trendoch na rok 1998
Salvato in:
| Altri autori: | , |
|---|---|
| Natura: | Libro |
| Lingua: | slovacco |
| Pubblicazione: |
Bratislava
Inštitút pre verejné otázky
1998
|
| Serie: | Slovensko v pohybe
|
| Soggetti: | |
| Tags: |
Nessun Tag, puoi essere il primo ad aggiungerne!!
|
MARC
| LEADER | 00000nam a2200000 4500 | ||
|---|---|---|---|
| 001 | c102539 | ||
| 005 | 20221109094412.5 | ||
| 020 | |a 80-967739-8-4 | ||
| 041 | 0 | |a slo | |
| 044 | |a SK | ||
| 245 | 1 | 0 | |a Slovensko 1997 |b súhrnná správa o stave spoločnosti a trendoch na rok 1998 |c Editori: Martin Bútora a Michal Ivantyšyn |
| 264 | 1 | |a Bratislava |b Inštitút pre verejné otázky |c 1998 | |
| 300 | |a 702 s. | ||
| 490 | 1 | |a Slovensko v pohybe | |
| 830 | 0 | |a Slovensko v pohybe | |
| 610 | 2 | 0 | |a spoločnosť |
| 610 | 2 | 0 | |a Slovensko |
| 610 | 2 | 0 | |a prognózy hospodárske |
| 610 | 2 | 0 | |a prognózy demografické |
| 610 | 2 | 0 | |a prognózy sociálne |
| 610 | 2 | 0 | |a politika vnútorná |
| 610 | 2 | 0 | |a právo |
| 610 | 2 | 0 | |a práva ľudské |
| 610 | 2 | 0 | |a správa verejná |
| 610 | 2 | 0 | |a politika zahraničná |
| 610 | 2 | 0 | |a obrana štátu |
| 610 | 2 | 0 | |a armáda |
| 610 | 2 | 0 | |a hospodárstvo národné |
| 610 | 2 | 0 | |a privatizácia |
| 610 | 2 | 0 | |a poľnohospodárstvo |
| 610 | 2 | 0 | |a prostredie životné |
| 610 | 2 | 0 | |a demografia |
| 610 | 2 | 0 | |a politika sociálna |
| 610 | 2 | 0 | |a zdravotníctvo |
| 610 | 2 | 0 | |a školstvo |
| 610 | 2 | 0 | |a veda |
| 610 | 2 | 0 | |a kultúra |
| 610 | 2 | 0 | |a médiá |
| 610 | 2 | 0 | |a menšiny národnostné |
| 610 | 2 | 0 | |a cirkev |
| 610 | 2 | 0 | |a sektor terciárny |
| 610 | 2 | 0 | |a kriminalita |
| 610 | 2 | 0 | |a regióny |
| 610 | 2 | 0 | |a mienka verejná |
| 700 | 1 | |a Bútora, Martin | |
| 700 | 1 | |a Ivantyšyn, Michal | |